| 000 | 00446nam a22001577a 4500 | ||
|---|---|---|---|
| 999 |
_c17670 _d17670 |
||
| 003 | OSt | ||
| 005 | 20221129134943.0 | ||
| 008 | 221129b ||||| |||| 00| 0 eng d | ||
| 040 | _c0 | ||
| 100 |
_aAning, Jerome. & Santos, Tina G. _946917 |
||
| 245 | _aGov't needs new tack in vaxxing seniors / | ||
| 260 |
_aPhilippines; _bPhilippine Daily Inquirer, _cFebruary 22, 2022. |
||
| 300 | _apage A4. | ||
| 650 |
_aTaxation. _946918 |
||
| 942 |
_2ddc _cPER |
||